LIBRARY & INFORMATION CENTRE, KCAET, TAVANUR

ONLINE PUBLIC ACCESS CATALOGUE (OPAC)

Micro-irrigation system : An economic analysis (Record no. 13775)

MARC details
000 -LEADER
fixed length control field 00680cam a2200193 a 4500
020 ## - INTERNATIONAL STANDARD BOOK NUMBER
ISBN 9788183762182
082 ## - DEWEY DECIMAL CLASSIFICATION NUMBER
Classification number 631.587
Item number RAO/MI
100 1# - MAIN ENTRY--AUTHOR NAME
Personal name Rao, V. M.
245 10 - TITLE STATEMENT
Title Micro-irrigation system : An economic analysis
260 ## - PUBLICATION, DISTRIBUTION, ETC. (IMPRINT)
Place of publication Jaipur :
Name of publisher ABD Publishers,
Year of publication 2009.
300 ## - PHYSICAL DESCRIPTION
Number of Pages viii, 180 p. ;
500 ## - GENERAL NOTE
General note Includes statistical tables.
520 ## - SUMMARY, ETC.
Summary, etc With reference to Latur and Osmānābād Districts, Maharashtra; study conducted by Centre for Research and Publications, Vaikunth Mehta National Institute of Co-operative Management.
650 #0 - SUBJECT ADDED ENTRY--TOPICAL TERM
Topical Term Microirrigation
650 #0 - SUBJECT ADDED ENTRY--TOPICAL TERM
Topical Term Microirrigation
700 1# - ADDED ENTRY--PERSONAL NAME
Personal name Rupkumar, K.
700 1# - ADDED ENTRY--PERSONAL NAME
Personal name Hanamashetti, J. S.
942 ## - ADDED ENTRY ELEMENTS (KOHA)
Koha item type Books
Holdings
Withdrawn status Lost status Damaged status Collection code Home library Current library Shelving location Date acquired Source of acquisition Cost, normal purchase price Full call number Accession Number Koha item type
      Non-fiction KAUAET KAUAET General Stacks 31/03/2012 Penta Book Distributors, Calicut 575.00 631.587 RAO/MI 22634 Books
free website counter